| Tag |
First Indicator |
Second Indicator |
Subfields |
| LEADER |
00000cam a2200000 a 4500 |
| 001 |
in00000831007 |
| 005 |
20151019050853.0 |
| 008 |
830211s1981 ohuab f00000 eng d |
| 010 |
|
|
|a gp 83009089
|
| 035 |
|
|
|a (OCoLC)09209340
|
| 035 |
|
|
|9 ADY8386AM
|
| 040 |
|
|
|a GPO
|c GPO
|d UtOrBLW
|
| 043 |
|
|
|a n-us-tx
|
| 074 |
|
|
|a 431-L-12
|
| 086 |
0 |
|
|a EP 1.89/2:L 62
|
| 088 |
|
|
|a EPA-600/S 7-81-035
|
| 245 |
0 |
0 |
|a Environmental effects of in situ gasification of Texas lignite /
|c T.F. Edgar [and others].
|
| 264 |
|
1 |
|a Cincinnati, OH :
|b U.S. Environmental Protection Agency, Industrial Environmental Research Laboratory :
|c 1981.
|
| 264 |
|
2 |
|a Cincinnati, OH :
|b Center for Environmental Research Information [distributor],
|
| 300 |
|
|
|a 6 pages :
|b illustrations, 1 map ;
|c 28 cm.
|
| 336 |
|
|
|a text
|b txt
|2 rdacontent
|
| 337 |
|
|
|a unmediated
|b n
|2 rdamedia
|
| 338 |
|
|
|a volume
|b nc
|2 rdacarrier
|
| 500 |
|
|
|a Caption title.
|
| 500 |
|
|
|a At head of title: Project summary.
|
| 500 |
|
|
|a "May 1981."
|
| 500 |
|
|
|a "EPA-600/S7-81-035."
|
| 650 |
|
0 |
|a Lignite.
|
| 650 |
|
0 |
|a Coal gasification
|z Texas.
|
| 700 |
1 |
|
|a Edgar, Thomas F.
|
| 710 |
2 |
|
|a Industrial Environmental Research Laboratory (Cincinnati, Ohio)
|
| 999 |
|
|
|a MARS
|
| 999 |
f |
f |
|s 2f03e4a3-5192-3220-81cf-b72915b8d4a8
|i 985614ed-4782-3b4b-9955-411116555483
|t 0
|
| 952 |
f |
f |
|p normal
|a Texas A&M University
|b College Station
|c Sterling C. Evans Library
|d Evans: US Documents (Annex 5th floor)
|t 0
|e EP 1.89/2: L 62
|h Superintendent of Documents classification
|i unmediated -- volume
|m A14814493987
|
| 998 |
f |
f |
|a EP 1.89/2: L 62
|t 0
|l Evans: US Documents (Annex 5th floor)
|